MotoGP Konstrukteursweltmeister - Statistiken

Allgemein
  • Dieses Quiz wurde 65 mal gespielt
  • Das Durchschnittsergebnis liegt bei 4 aus 8
Antwortstatistiken
Antwort % Korrekt
Ducati
100%
Honda
98%
Yamaha
98%
Suzuki
82%
MV Agusta
38%
Gilera
13%
A.J.S
9%
Norton
9%
Keine übereinstimmenden Quizze gefunden
Verteilung der Resultate
Anzahl Personen mit jedem Resultat
Perzentil nach korrekt beantworteten Fragen
Ihre Resultats-Entwicklung
Sie haben dieses Quiz noch nicht gespielt